Sử dụng tổng hợp nguồn nước sông Vu Gia để phát triển kinh tế khu vực An Trạch - Cầu Đỏ

Đề tài nghiên cứu nguồn nước sông Vu Gia nhằm đáp ứng nước phục vụ nước nông nghiệp, cung cấp nước sinh hoạt và công nghiệp hiện tại và lâu dài trong khu vực....

Tallennettuna:
Bibliografiset tiedot
Päätekijä: Trần Thị Sen.
Muut tekijät: Nguyễn Quang Đoàn, PGS.TS. (hướng dẫn.)
Aineistotyyppi: Kirja
Kieli:Vietnamese
Julkaistu: Đà Nẵng : Đại học Đà Nẵng, 2001.
Aiheet:
Tagit: Lisää tagi
Ei tageja, Lisää ensimmäinen tagi!
Thư viện lưu trữ: Mạng thư viện Đại học Đà Nẵng
LEADER 01270cmm a2200349 i 4500
001 000049835
003 9975
005 20061108031505.0
008 010424b2001 vm 000 vie
040 |a IRC  |c IRC  |d IRC 
041 0 |a vie 
082 1 4 |a 627.12  |b TR-S 
100 1 |a Trần Thị Sen. 
245 0 0 |a Sử dụng tổng hợp nguồn nước sông Vu Gia để phát triển kinh tế khu vực An Trạch - Cầu Đỏ  |h [Thesis - Luận văn] /  |c Trần Thị Sen ; Nguyễn Quang Đoàn hướng dẫn. 
260 |a Đà Nẵng :  |b Đại học Đà Nẵng,  |c 2001. 
300 |a 230Tr. ;  |c 29,5cm. 
520 3 |a Đề tài nghiên cứu nguồn nước sông Vu Gia nhằm đáp ứng nước phục vụ nước nông nghiệp, cung cấp nước sinh hoạt và công nghiệp hiện tại và lâu dài trong khu vực.... 
630 0 4 |a Luận văn. 
630 0 4 |a Thủy lợi. 
630 0 4 |a Sông Vu Gia. 
650 0 4 |a Sông Vu Gia  |b Khai thác. 
700 1 |a Nguyễn Quang Đoàn,  |c PGS.TS.,  |e hướng dẫn. 
OWN |a DUT 
999 |a From the UDN01 
TYP |a Computer file 
TYP |a Monograph 
980 |a Mạng thư viện Đại học Đà Nẵng